|
|
|
|
| LEADER |
00621nab a2200181 i 4500 |
| 001 |
misc44712 |
| 005 |
20191106141122.0 |
| 008 |
181005s1995 hu o 0|| zxx d |
| 022 |
|
|
|a 1215-5233
|
| 040 |
|
|
|a SZTE Miscellanea Repozitórium
|b hun
|
| 041 |
|
|
|a zxx
|
| 100 |
1 |
|
|a Tánczos Vilmos
|
| 245 |
1 |
0 |
|a Kis magyar vademecum vallási néprajzi kutatásokhoz
|h [elektronikus dokumentum] /
|c Tánczos Vilmos
|
| 260 |
|
|
|c 1995
|
| 300 |
|
|
|a 19-27
|
| 490 |
0 |
|
|a Iskolakultúra
|v 5 No. 11-12
|
| 695 |
|
|
|a Vallási néprajz - magyar
|
| 856 |
4 |
0 |
|u http://misc.bibl.u-szeged.hu/44712/1/iskolakultura_1995_011_012_019-027.pdf
|z Dokumentum-elérés
|